| 000 | 00595nam a22001817a 4500 | ||
|---|---|---|---|
| 005 | 20170825103445.0 | ||
| 010 | _aENG-120027 | ||
| 020 |
_a9789386440112 _c155.00 |
||
| 035 | _aEN-103559 | ||
| 037 | _bDBAD/PUB | ||
| 082 | _a921 | ||
| 100 | _aKarthikeyan, Shornur | ||
| 245 |
_aThe torch bearers of Kerala renaissance / _cby Shornur Karthikeyan |
||
| 260 |
_aThrissur (Kerala) _bG-motivation an imprint of green books _c2017 |
||
| 270 |
_aGB Building, Civil Lane Road, Ayyanthole, _bThrissur (Kerala) _e680003 |
||
| 300 |
_a152p. _c22cm(pbk) |
||
| 942 |
_2ddc _cEN _h921 _mKAR |
||
| 999 |
_c143808 _d143808 |
||